| 000 | 01211cam a22003613a 4500 | ||
|---|---|---|---|
| 001 | 16407473 | ||
| 003 | OSt | ||
| 005 | 20140310182224.0 | ||
| 008 | 950915s1995 nyu 000 1 eng d | ||
| 010 | _a 97810852 | ||
| 015 | _aGB96-34109 | ||
| 020 |
_a0671501054 (pbk.) : _c$5.99 |
||
| 035 | _a(OCoLC)ocm33142063 | ||
| 040 |
_aBXT _cBXT _dSVP _dSLC _dUKM _dOCL _dOCLCQ _dDLC |
||
| 050 | 0 | 0 |
_aPZ 7 _b.F352 1995 |
| 082 |
_aFIC _bF38st 1995 |
||
| 100 | 1 |
_aFerguson, Brad. _917572 |
|
| 245 | 1 | 4 |
_aThe last stand / _cBrad Ferguson. |
| 260 |
_aNew York : _bPocket Books, _cc1995. |
||
| 300 |
_a274 p. : _c18 cm. |
||
| 440 | 0 |
_aStar Trek : the next generation ; _vno. 37 _917573 |
|
| 630 | 0 | 0 |
_aStar trek, the next generation (Television program) _vFiction. _917574 |
| 650 | 0 |
_aPicard, Jean Luc (Fictitious character) _vFiction. _917575 |
|
| 650 | 0 | _aScience fiction. | |
| 653 | 0 | _aEnglish fiction. | |
| 653 | 0 | _aUnited States. | |
| 655 | 7 |
_aScience fiction. _2gsafd _91889 |
|
| 655 | 7 |
_aRadio and television novels. _2gsafd _93967 |
|
| 710 | 2 |
_aCopyright Paperback Collection (Library of Congress) _5DLC _9705 |
|
| 906 |
_a7 _bcbc _ccopycat _d2 _encip _f19 _gy-genrareb |
||
| 942 |
_2lcc _cBK-FIC |
||
| 999 |
_c10756 _d10756 |
||